| 000 | 00346nam a22001457a 4500 | ||
|---|---|---|---|
| 020 | _a0-13-081923-9 | ||
| 082 |
_a574 _bFRE/B |
||
| 100 | _aFREEMAN, SCOTT | ||
| 245 | _aBIOLOGICAL SCIENCE | ||
| 250 | _aSTUDENT EDITION | ||
| 260 |
_aUNITED STATES _bPRENTICE HALL _c2002 |
||
| 300 | _bCD | ||
| 650 |
_aGENERAL KNOWLEDGE _zUNITED STATES |
||
| 942 | _cBK | ||
| 999 |
_c1978 _d1978 |
||